O ovo amarelinho da galinha do vizinho (Record no. 14498)

MARC details
000 -LÍDER
campo de controle de tamanho fixo 00395 a2200157 4500
001 - NÚMERO DE CONTROLE
campo de controle 14498
020 ## - ISBN - INTERNATIONAL STANDARD BOOK NUMBER
ISBN - International Standard Book Number 9788561167325
040 ## - FONTE DA CATALOGAÇÃO
Instituição que transcreveu o registro Anchieta - Aquarius
100 ## - ENTRADA PRINCIPAL--NOME PESSOAL
Nome pessoal Mont'Alverne, Rosana
240 10 - TÍTULO UNIFORME
Título uniforme O ovo amarelinho da galinha do vizinho
Idioma da obra por
245 10 - TÍTULO
Título O ovo amarelinho da galinha do vizinho
300 ## - DESCRIÇÃO FÍSICA
Extensão 32p.
362 0# - DATAS DE PUBLICAÇÃO E/OU DESIGNAÇÃO SEQUENCIAL
Datas de publicação e/ou designação sequencial 2011
650 #4 - ASSUNTO--TERMO TÓPICO
Cabeçalho tópico ou nome geográfico Literatura infanto-juvenil
942 ## - ELEMENTOS DE ENTRADA ADICIONADOS (KOHA)
Tipo de material Koha Livros
Holdings
Situação do descarte Situação das perdas Situação física Não pode ser emprestado Biblioteca de origem Biblioteca atual Data de aquisição Total de empréstimos Número de chamada completo Código de barras Data de último acesso Data do preço efetivo Tipo de material Koha Data do último empréstimo
        Colégio Anchieta - Aquarius Colégio Anchieta - Aquarius 21/11/2023   028.5 MON OVO 6369/AQU 21/11/2023 21/11/2023 Livros  
        Colégio São Paulo Colégio São Paulo 21/11/2023   LI 028.5 MON OVO 189/ITA 21/11/2023 21/11/2023 Livros  
        Colégio Anchieta - Bela Vista Inspira 21/11/2023 1 LI 028.5 M763o MON OVO 3388/BEL 21/11/2023 21/11/2023 Livros 21/11/2023